Normal view
MARC view
Entry Topical Term
001 - CONTROL NUMBER
- control field: 160337
003 - CONTROL NUMBER IDENTIFIER
- control field: OSt
005 - DATE AND TIME OF LATEST TRANSACTION
- control field: 20220923211358.0
008 - FIXED-LENGTH DATA ELEMENTS
- fixed length control field: 220923|| aca||aabn | a|a d
040 ## - CATALOGING SOURCE
- Original cataloging agency: OSt
- Transcribing agency: OSt
150 ## - HEADING--TOPICAL TERM
- Topical term or geographic name entry element: प्रशासनिक कोश
670 ## - SOURCE DATA FOUND
- Source citation: Work cat.: (OSt)298926: भोगले, संगीता आर., ले. 160336, राजभाषा प्रशासनिक एवं व्यावसायिक शब्द - कोश, 2010
